التطور اللا متكافئ: (Record no. 13923)
[ view plain ]
| 000 -LEADER | |
|---|---|
| fixed length control field | 00832nam a22001697a 4500 |
| 008 - FIXED-LENGTH DATA ELEMENTS--GENERAL INFORMATION | |
| fixed length control field | 100421t xxu||||| |||| 00| 0 eng d |
| 082 ## - DEWEY DECIMAL CLASSIFICATION NUMBER | |
| Edition number | 21 |
| Classification number | 330.12 |
| Item number | أ م ى |
| 100 ## - MAIN ENTRY--PERSONAL NAME | |
| 9 (RLIN) | 13646 |
| Personal name | أمين, سمير |
| 245 ## - TITLE STATEMENT | |
| Title | التطور اللا متكافئ: |
| Remainder of title | دراسة فى التشكيلات الإجتماعية للرأسمالية المحيطية / |
| Statement of responsibility, etc | تأليف سمير أمين؛ ترجمة برهان غليون. |
| 250 ## - EDITION STATEMENT | |
| Edition statement | [ط4.] |
| 260 ## - PUBLICATION, DISTRIBUTION, ETC. (IMPRINT) | |
| Place of publication, distribution, etc | بيروت : |
| Name of publisher, distributor, etc | دار الطليعة للطباعة والنشر, |
| Date of publication, distribution, etc | [1985]. |
| 300 ## - PHYSICAL DESCRIPTION | |
| Extent | 301 ص, |
| Dimensions | 21 سم. |
| 650 ## - SUBJECT ADDED ENTRY--TOPICAL TERM | |
| 9 (RLIN) | 13649 |
| Topical term or geographic name as entry element | الرأسمالية |
| 650 ## - SUBJECT ADDED ENTRY--TOPICAL TERM | |
| 9 (RLIN) | 13650 |
| Topical term or geographic name as entry element | نظم إقتصادية |
| 942 ## - ADDED ENTRY ELEMENTS (KOHA) | |
| Source of classification or shelving scheme | Dewey Decimal Classification |
| Item type | Book - Borrowing |
| Withdrawn status | Item status | Source of classification or shelving scheme | Damaged status | Not for loan | Vendor | Home library | Current library | Shelving location | Date acquired | Source of acquisition | Total Checkouts | Full call number | Barcode | Date last seen | Koha item type |
|---|---|---|---|---|---|---|---|---|---|---|---|---|---|---|---|
| Dewey Decimal Classification | Central Library | Central Library | First floor | 21/04/2010 | 330.12 أ م ي | 000020448 | 15/07/2025 | Book - Borrowing |